Statistics for Boys Names that start with A

Click here to take the quiz!

General Stats

  • This quiz has been taken 1,600 times
    (1,588 since last reset)
  • The average score is 12 of 25

Answer Stats

Answer% Correct
Andrew
89%
Alexander
87%
Aaron
76%
Adam
75%
Alan
75%
Arthur
69%
Anthony
68%
Aidan
66%
Albert
63%
Alfred
56%
Anton
47%
Ashton
44%
Austin
44%
Arnold
41%
Avery
39%
Archibald
38%
Asher
33%
August
29%
Antonio
28%
Alistair
24%
Anderson
23%
Archer
15%
Arden
13%
Alton
11%
Apollo
11%

Score Distribution

Percentile by Number Answered

Percent of People with Each Score

Your Score History

You have not taken this quiz since the last reset